[Event "DVM U12 2019"]
[Site "Magdeburg GER"]
[Date "2019.12.30"]
[Round "7"]
[White "Udelnov, Valentin"]
[Black "Bock, Marlon"]
[Result "0-1"]
[Termination "normal"]
[Board "6.1"]
[WhiteElo "1416"]
[BlackElo "1708"]
[WhiteTeam "Schachzwerge Magdeburg"]
[BlackTeam "SSV Vimaria 91 Weimar"]
[PlyCount "82"]
[WhiteFideId "16265734"]
[BlackFideId "16244931"]
[EventCountry "GER"]
[EventRounds "7"]
[EventType "team-swiss"]
[EventDate "2019.12.26"]

1. e4 d6 2. d4 Nf6 3. Nc3 e5 4. dxe5 dxe5 5. Qxd8+ Kxd8 6. Bg5 Be6 7. O-O-O+
Kc8 8. Be2 h6 9. Bh4 Nbd7 10. Nf3 Bd6 11. Nd2 Nb6 12. Nb3 Rd8 13. Bg3 c6 14.
Rd2 Kc7 15. Rhd1 Ne8 16. Kb1 Nc4 17. Rd3 b5 18. Nd2 Nb6 19. b3 a5 20. Nf3 f6
21. Nh4 a4 22. Bh5 Bc5 23. f4 Rxd3 24. Rxd3 g5 25. fxg5 hxg5 26. Nf3 Nd6 27. h3
axb3 28. axb3 b4 29. Na2 Nxe4 30. Be1 Nd5 31. Nd2 Nec3+ 32. Nxc3 Nxc3+ 33. Kc1
Ra1+ 34. Kb2 Rxe1 35. h4 Bd4 36. Rxd4 exd4 37. hxg5 fxg5 38. g4 Rd1 39. Bg6
Rxd2 40. Bh7 Rd1 41. Bg8 Rb1# 0-1

[Event "DVM U12 2019"]
[Site "Magdeburg GER"]
[Date "2019.12.30"]
[Round "7"]
[White "Krömer, Emanuel"]
[Black "Herter, Arne"]
[Result "0-1"]
[Termination "normal"]
[Board "6.2"]
[WhiteElo "1459"]
[BlackElo "1417"]
[WhiteTeam "SSV Vimaria 91 Weimar"]
[BlackTeam "Schachzwerge Magdeburg"]
[PlyCount "96"]
[WhiteFideId "16287070"]
[BlackFideId "16255372"]
[EventCountry "GER"]
[EventRounds "7"]
[EventType "team-swiss"]
[EventDate "2019.12.26"]

1. d4 Nf6 2. Nf3 g6 3. Nc3 Bg7 4. e4 d6 5. Be3 O-O 6. Qd2 e5 7. O-O-O Nc6 8. h3
exd4 9. Nxd4 Qe7 10. Bg5 Qe5 11. Nf3 Qe6 12. Qf4 Nb4 13. e5 Nfd5 14. Nxd5 Nxd5
15. Qc4 c6 16. exd6 Qxd6 17. Bf4 Qxf4+ 18. Qxf4 Nxf4 19. g3 Nd5 20. Bc4 Be6 21.
g4 Rad8 22. Rhe1 Nf4 23. Rxd8 Rxd8 24. Bxe6 Nxe6 25. h4 Bd4 26. Nxd4 Rxd4 27.
f3 Rf4 28. Re3 Kf8 29. c3 Ke7 30. Kd2 f5 31. gxf5 Rxf5 32. Ke2 Rf4 33. Re4
Rxe4+ 34. fxe4 Kf6 35. Kf3 g5 36. h5 h6 37. b4 Nf4 38. a4 b5 39. c4 bxa4 40. b5
cxb5 41. c5 Ke6 42. Kg4 a3 43. Kf3 a2 44. c6 a1=Q 45. c7 Qf1+ 46. Ke3 Qd3+ 47.
Kf2 Qe2+ 48. Kg3 Qg2# 0-1

[Event "DVM U12 2019"]
[Site "Magdeburg GER"]
[Date "2019.12.30"]
[Round "7"]
[White "Petzold, Johannes Julius"]
[Black "Bock, Leonas"]
[Result "0-1"]
[Termination "normal"]
[Board "6.3"]
[WhiteElo "1449"]
[BlackElo "1226"]
[WhiteTeam "Schachzwerge Magdeburg"]
[BlackTeam "SSV Vimaria 91 Weimar"]
[PlyCount "64"]
[WhiteFideId "16289455"]
[BlackFideId "16287118"]
[EventCountry "GER"]
[EventRounds "7"]
[EventType "team-swiss"]
[EventDate "2019.12.26"]

1. e4 d6 2. d4 Nf6 3. Nc3 e5 4. Bg5 Be7 5. Nf3 Nbd7 6. Be2 h6 7. Bh4 c6 8. O-O
Qc7 9. dxe5 dxe5 10. Bc4 O-O 11. Qe2 b5 12. Bb3 Bb7 13. a3 a5 14. a4 b4 15. Nd1
c5 16. Nd2 Rad8 17. c3 Rfe8 18. Bg3 Nb6 19. f4 Bd6 20. f5 Rd7 21. Nf2 Red8 22.
Rad1 Kh8 23. Nf3 c4 24. Bc2 b3 25. Bb1 Nxa4 26. Rd2 g6 27. fxg6 fxg6 28. Rfd1
Kg7 29. Kh1 Nc5 30. Qxc4 Ba6 31. Rxd6 Rxd6 32. Rxd6 Rxd6 0-1

[Event "DVM U12 2019"]
[Site "Magdeburg GER"]
[Date "2019.12.30"]
[Round "7"]
[White "Stadelmann, Constantin"]
[Black "Plenikowski, Julian"]
[Result "0-1"]
[Termination "normal"]
[Board "6.4"]
[WhiteElo "1295"]
[BlackElo "1027"]
[WhiteTeam "SSV Vimaria 91 Weimar"]
[BlackTeam "Schachzwerge Magdeburg"]
[PlyCount "60"]
[WhiteFideId "16297970"]
[BlackFideId "16297997"]
[EventCountry "GER"]
[EventRounds "7"]
[EventType "team-swiss"]
[EventDate "2019.12.26"]

1. d4 f5 2. Nf3 Nf6 3. e3 d5 4. Bd3 g6 5. O-O Bg7 6. b3 O-O 7. c4 Be6 8. Ba3
Nc6 9. Nc3 Qd7 10. Ne5 Nxe5 11. dxe5 Ng4 12. f4 Nxe3 13. Qf3 Nxf1 14. Rxf1 dxc4
15. bxc4 Qd4+ 16. Kh1 Qxc3 17. Bxe7 Rfe8 18. Bg5 Bxc4 19. Bxc4+ Qxc4 20. Rd1
Qxa2 21. Rd7 Qa5 22. g4 Qa6 23. gxf5 gxf5 24. Qg2 Qa1+ 25. Qg1 Qxg1+ 26. Kxg1
a5 27. Rxc7 a4 28. Rc2 a3 29. Ra2 b5 30. Bh4 b4 0-1

[Event "DVM U12 2019"]
[Site "Magdeburg GER"]
[Date "2019.12.30"]
[Round "7"]
[White "Robelly, David"]
[Black "Hoffmann, Kay"]
[Result "0-1"]
[Termination "normal"]
[Board "7.1"]
[WhiteElo "1289"]
[BlackElo "1621"]
[WhiteTeam "SC Wolfratshausen 1948 e.V."]
[BlackTeam "Barnimer Schachfreunde im SV Stahl Finow e.V."]
[PlyCount "82"]
[WhiteFideId "16236300"]
[BlackFideId "16227000"]
[EventCountry "GER"]
[EventRounds "7"]
[EventType "team-swiss"]
[EventDate "2019.12.26"]

1. Nc3 g6 2. d4 Bg7 3. Bf4 Nf6 4. e3 O-O 5. Qd2 d6 6. O-O-O Nbd7 7. Nf3 c5 8.
Bc4 a6 9. Nd5 Ne4 10. Qe2 Nb6 11. Ng5 Nxd5 12. Bxd5 Nf6 13. dxc5 Qa5 14. Bb3
Qxc5 15. e4 Nh5 16. Be3 Qe5 17. c3 Nf4 18. Qd2 Qxg5 19. Bxf4 Qxg2 20. Bd5 Qh3
21. Qe1 Bg4 22. Rd2 Rac8 23. Qe3 Qf3 24. e5 Qxe3 25. Bxe3 Bxe5 26. Bd4 Rc7 27.
Bxe5 dxe5 28. Bb3 Rd7 29. Rxd7 Bxd7 30. Re1 e6 31. Rxe5 Rd8 32. Rc5 Bc6 33. Bc2
Rd5 34. Rc4 Rh5 35. h4 Rd5 36. b4 Bb5 37. Rc8+ Kg7 38. c4 Bd7 39. cxd5 Bxc8 40.
d6 Kf6 41. f4 e5 0-1

[Event "DVM U12 2019"]
[Site "Magdeburg GER"]
[Date "2019.12.30"]
[Round "7"]
[White "Beyer, Lorenz"]
[Black "Pichl, Christoph"]
[Result "1-0"]
[Termination "normal"]
[Board "7.2"]
[WhiteElo "1274"]
[BlackElo "1565"]
[WhiteTeam "Barnimer Schachfreunde im SV Stahl Finow e.V."]
[BlackTeam "SC Wolfratshausen 1948 e.V."]
[PlyCount "104"]
[WhiteFideId "16245393"]
[BlackFideId "16249739"]
[EventCountry "GER"]
[EventRounds "7"]
[EventType "team-swiss"]
[EventDate "2019.12.26"]

1. d4 Nf6 2. c4 e6 3. Nc3 Bb4 4. Bd2 d5 5. e3 O-O 6. Nf3 c5 7. Be2 Nbd7 8. O-O
b6 9. Qb3 Bxc3 10. Bxc3 Ne4 11. cxd5 Nxc3 12. bxc3 Nf6 13. dxe6 Bxe6 14. Bc4
Bxc4 15. Qxc4 Rc8 16. Qa4 Qe7 17. Ne5 Ne4 18. Rac1 f6 19. Nd3 c4 20. Nf4 Rfd8
21. Rfd1 Qb7 22. f3 Ng5 23. d5 Nf7 24. e4 b5 25. Qc2 Nd6 26. Ne6 Re8 27. Kh1
Qf7 28. Qf2 Re7 29. Qg3 Rd7 30. Rb1 a6 31. a4 bxa4 32. Rb6 Nb5 33. Rb8 Re8 34.
Qxg7+ Qxg7 35. Rxe8+ Kf7 36. Nxg7 Kxg7 37. Rc8 Nxc3 38. Ra1 Nb5 39. Rxa4 c3 40.
Rxa6 Rb7 41. Kg1 Nd4 42. Kf2 Rb2+ 43. Ke3 Nc2+ 44. Kd3 Ne1+ 45. Kd4 Rxg2 46.
Ra7+ Kh6 47. Rxc3 Rxh2 48. Rf7 Kg6 49. Rcc7 Nxf3+ 50. Ke3 Ne5 51. Rg7+ Kh6 52.
Rxh7+ Kg5 1-0

[Event "DVM U12 2019"]
[Site "Magdeburg GER"]
[Date "2019.12.30"]
[Round "7"]
[White "Neuwirth, Mark"]
[Black "Studzinski, Bruno"]
[Result "0-1"]
[Termination "normal"]
[Board "7.3"]
[WhiteElo "1314"]
[BlackElo "1244"]
[WhiteTeam "SC Wolfratshausen 1948 e.V."]
[BlackTeam "Barnimer Schachfreunde im SV Stahl Finow e.V."]
[PlyCount "128"]
[WhiteFideId "16244958"]
[BlackFideId "16296478"]
[EventCountry "GER"]
[EventRounds "7"]
[EventType "team-swiss"]
[EventDate "2019.12.26"]

1. e4 d5 2. exd5 Nf6 3. Bc4 Nxd5 4. Nc3 Nf6 5. Nf3 Bg4 6. h3 Bh5 7. d3 Nc6 8.
Be3 e6 9. a3 Bd6 10. Qd2 Qd7 11. g4 Bg6 12. Bf4 O-O-O 13. Bxd6 Qxd6 14. O-O-O
h5 15. g5 Nd7 16. Kb1 a6 17. Ka1 Nde5 18. Nxe5 Nxe5 19. Ba2 Rhf8 20. Rb1 Nf3
21. Qe3 Nd4 22. Rbc1 Qe7 23. h4 Kb8 24. Rhe1 b5 25. Ne2 Qd6 26. Nxd4 Qxd4 27.
Qxd4 Rxd4 28. Rh1 Rf4 29. Rh2 e5 30. Re1 Re8 31. Bb1 Kb7 32. c3 f6 33. d4 Bxb1
34. Kxb1 Kc6 35. dxe5 Rxe5 36. Rxe5 fxe5 37. Kc2 Kd5 38. Kd2 Kc4 39. Kc2 c5 40.
b3+ Kd5 41. Kd2 Rf3 42. Kc2 a5 43. Kd2 a4 44. Kc2 Ke4 45. bxa4 bxa4 46. Kd2 Kd5
47. g6 Kc4 48. Rg2 Rxc3 49. Rg5 Rxa3 50. Rxe5 Rd3+ 51. Kc2 Rd6 52. Rg5 Rb6 53.
f4 a3 54. f5 a2 55. Rg1 Kd5 56. Re1 c4 57. Kc3 Rf6 58. Rd1+ Ke4 59. Kxc4 Ra6
60. f6 Rxf6 61. Ra1 Ra6 62. Kb5 Ra8 63. Kc6 Kf5 64. Rf1+ Kxg6 0-1

[Event "DVM U12 2019"]
[Site "Magdeburg GER"]
[Date "2019.12.30"]
[Round "7"]
[White "Dominick, Maximilian"]
[Black "Fehlhaber, Alexander"]
[Result "0-1"]
[Termination "normal"]
[Board "7.4"]
[WhiteElo "1120"]
[BlackElo "1137"]
[WhiteTeam "Barnimer Schachfreunde im SV Stahl Finow e.V."]
[BlackTeam "SC Wolfratshausen 1948 e.V."]
[PlyCount "44"]
[WhiteFideId "16296486"]
[BlackFideId "16298020"]
[EventCountry "GER"]
[EventRounds "7"]
[EventType "team-swiss"]
[EventDate "2019.12.26"]

1. d4 d5 2. Bf4 e6 3. e3 Nf6 4. Nf3 c5 5. dxc5 Bxc5 6. c4 Qb6 7. b3 Nc6 8. Be2
O-O 9. O-O Rd8 10. Qc2 h6 11. Nc3 Nb4 12. Qb2 Bd6 13. Na4 Qc7 14. Bxh6 e5 15.
Bg5 e4 16. Bxf6 gxf6 17. Nd4 Bxh2+ 18. Kh1 Be5 19. Nb5 Qe7 20. Nd4 f5 21. Nc3
Qh4+ 22. Kg1 Qh2# 0-1

[Event "DVM U12 2019"]
[Site "Magdeburg GER"]
[Date "2019.12.30"]
[Round "7"]
[White "Schwartz, Oliver"]
[Black "Kliffken, Julian"]
[Result "1/2-1/2"]
[Termination "normal"]
[Board "8.1"]
[WhiteElo "1716"]
[BlackElo "1476"]
[WhiteTeam "SC Ostfildern 1952 e.V."]
[BlackTeam "Schachgemeinschaft Porz e. V."]
[PlyCount "106"]
[WhiteFideId "16207459"]
[BlackFideId "16298071"]
[EventCountry "GER"]
[EventRounds "7"]
[EventType "team-swiss"]
[EventDate "2019.12.26"]

1. e4 c5 2. Nf3 Nc6 3. d4 cxd4 4. Nxd4 Qb6 5. Nb3 Nf6 6. Nc3 g6 7. Be3 Qd8 8.
f3 Bg7 9. Qd2 a6 10. Bh6 O-O 11. h4 Qc7 12. O-O-O Nh5 13. g4 Bxh6 14. Qxh6 Qf4+
15. Qxf4 Nxf4 16. Nd5 Nxd5 17. Rxd5 d6 18. Rd2 Be6 19. h5 g5 20. h6 f6 21. Kb1
Rac8 22. c3 Kf7 23. Be2 Rfd8 24. Bd1 Kg8 25. Bc2 Bf7 26. Rhd1 Ne5 27. Nd4 b5
28. Nf5 Kf8 29. Rf2 Rd7 30. Ng7 Kg8 31. Bb3 Bxb3 32. axb3 Kf7 33. Nf5 Rcd8 34.
Ne3 e6 35. c4 Kg6 36. Rh1 Rc8 37. Ka2 bxc4 38. bxc4 Rc5 39. b4 Rc8 40. Kb3 Rb8
41. Rd1 Kxh6 42. Rfd2 Rbd8 43. Nc2 Kg6 44. Nd4 Re8 45. Ra2 Ra8 46. Nxe6 Nxf3
47. Nd4 Nxd4+ 48. Rxd4 Rdd8 49. Rad2 Re8 50. Re2 Red8 51. Red2 Re8 52. Re2 Red8
53. Red2 Re8 1/2-1/2

[Event "DVM U12 2019"]
[Site "Magdeburg GER"]
[Date "2019.12.30"]
[Round "7"]
[White "Marcziter, Alex"]
[Black "Chugunov, Ivan"]
[Result "0-1"]
[Termination "normal"]
[Board "8.2"]
[WhiteElo "1335"]
[BlackElo "1383"]
[WhiteTeam "Schachgemeinschaft Porz e. V."]
[BlackTeam "SC Ostfildern 1952 e.V."]
[PlyCount "50"]
[WhiteFideId "16258126"]
[BlackFideId "16256808"]
[EventCountry "GER"]
[EventRounds "7"]
[EventType "team-swiss"]
[EventDate "2019.12.26"]

1. e4 e5 2. Nf3 Nc6 3. Bc4 Bc5 4. c3 Nf6 5. d4 exd4 6. cxd4 Bb4+ 7. Nc3 Nxe4 8.
O-O O-O 9. Bxf7+ Rxf7 10. Nxe4 d5 11. Ng3 Bg4 12. h3 Bxf3 13. gxf3 Qf6 14. Be3
Qxf3 15. Qb3 Bd6 16. Rae1 Bxg3 17. fxg3 Qxg3+ 18. Kh1 Qxh3+ 19. Kg1 Qg4+ 20.
Kh1 Rxf1+ 21. Rxf1 Qe4+ 22. Kg1 Re8 23. Bf2 Nxd4 24. Bxd4 Qxd4+ 25. Kg2 Re2+
0-1

[Event "DVM U12 2019"]
[Site "Magdeburg GER"]
[Date "2019.12.30"]
[Round "7"]
[White "Walter, Romeo"]
[Black "Wegener, Moritz"]
[Result "1-0"]
[Termination "normal"]
[Board "8.3"]
[WhiteElo "1501"]
[BlackElo "1226"]
[WhiteTeam "SC Ostfildern 1952 e.V."]
[BlackTeam "Schachgemeinschaft Porz e. V."]
[PlyCount "147"]
[WhiteFideId "16275055"]
[BlackFideId "16298080"]
[EventCountry "GER"]
[EventRounds "7"]
[EventType "team-swiss"]
[EventDate "2019.12.26"]

1. d4 c5 2. d5 d6 3. c4 Nf6 4. Nc3 Nbd7 5. e4 g6 6. Be3 b6 7. f3 Bg7 8. Nh3 Bb7
9. Be2 O-O 10. Nf2 Qc7 11. O-O Ne5 12. Qd2 Ba6 13. b3 Rab8 14. Rac1 Qd7 15. a4
Qc7 16. Bh6 Rfe8 17. Bxg7 Kxg7 18. h4 Bc8 19. Rfe1 Rh8 20. Bd1 h5 21. Rc2 Qd8
22. Qe3 Qc7 23. Nb5 Qb7 24. Rce2 a6 25. Nc3 Bd7 26. Bc2 b5 27. axb5 axb5 28.
Bd3 bxc4 29. bxc4 Qb3 30. Bc2 Nxc4 31. Qd3 Nb2 32. Bxb3 Nxd3 33. Nxd3 Rxb3 34.
Rc2 Rhb8 35. Nc1 Rb2 36. Rxb2 Rxb2 37. Re2 Rxe2 38. N1xe2 e6 39. Kf2 exd5 40.
exd5 Bc8 41. Nb5 c4 42. Nxd6 Ba6 43. Nc3 Kf8 44. Ke3 Ke7 45. Nde4 Nxe4 46. Kxe4
Kd7 47. Ke5 Ke7 48. d6+ Ke8 49. Kf6 Bc8 50. Ke5 Be6 51. Kd4 Kd8 52. Ke5 Kd7 53.
Ne4 Kc6 54. Kd4 f5 55. Ke5 Kd7 56. Nc5+ Kc6 57. Kxe6 Kxc5 58. d7 Kb4 59. d8=Q
Kb3 60. Qb6+ Kc3 61. Qe3+ Kb4 62. Qc1 c3 63. Kd5 Kb5 64. Kd4 f4 65. Kd3 Kb4 66.
Qxc3+ Kb5 67. Qc4+ Kb6 68. Kd4 Kb7 69. Kd5 Kb6 70. Qc5+ Kb7 71. Kd6 Kb8 72.
Qc7+ Ka8 73. Kc6 g5 74. Qb7# 1-0

[Event "DVM U12 2019"]
[Site "Magdeburg GER"]
[Date "2019.12.30"]
[Round "7"]
[White "Bröcker, David"]
[Black "Kasperovich, Christian"]
[Result "1/2-1/2"]
[Termination "normal"]
[Board "8.4"]
[WhiteElo "1168"]
[BlackElo "786"]
[WhiteTeam "Schachgemeinschaft Porz e. V."]
[BlackTeam "SC Ostfildern 1952 e.V."]
[PlyCount "130"]
[WhiteFideId "16298098"]
[BlackFideId "16298012"]
[EventCountry "GER"]
[EventRounds "7"]
[EventType "team-swiss"]
[EventDate "2019.12.26"]

1. e4 e5 2. Nf3 Nc6 3. Bc4 Bc5 4. c3 d6 5. d3 Nf6 6. O-O Bg4 7. Nbd2 O-O 8. h3
Bh5 9. Re1 Na5 10. b4 Nxc4 11. Nxc4 Bb6 12. h4 Bxf3 13. Qxf3 g6 14. Bg5 Kg7 15.
a4 a6 16. Nxb6 cxb6 17. Qe3 Re8 18. d4 Ng4 19. Qg3 Nf6 20. Rad1 b5 21. dxe5
Rxe5 22. f4 Nxe4 23. Bxd8 Nxg3 24. fxe5 Rxd8 25. exd6 bxa4 26. Rd3 Nf5 27. d7
Kf8 28. g3 b5 29. Kh2 Nh6 30. Rd6 Nf5 31. Rxa6 Rxd7 32. Ra5 Nd6 33. Ra8+ Kg7
34. Rd1 h5 35. Ra6 Rc7 36. Rdxd6 Rxc3 37. Ra5 a3 38. Rd2 Rb3 39. Rxb5 Rb2 40.
Rbd5 Rxb4 41. Ra2 Rb3 42. Kh3 f5 43. Kh2 Kf6 44. Rd6+ Kg7 45. Kh1 Rxg3 46. Ra6
Rh3+ 47. Kg2 Rxh4 48. R2xa3 Rg4+ 49. Kf3 h4 50. Ra7+ Kh6 51. R3a4 Rg3+ 52. Kf2
Kg5 53. Ra3 Rg4 54. R7a4 Rf4+ 55. Rxf4 Kxf4 56. Ra4+ Kg5 57. Kg2 f4 58. Kf3 h3
59. Ra2 Kh4 60. Kxf4 g5+ 61. Kf3 g4+ 62. Ke3 g3 63. Ra4+ Kh5 64. Kf3 g2 65. Rg4
h2 1/2-1/2

[Event "DVM U12 2019"]
[Site "Magdeburg GER"]
[Date "2019.12.30"]
[Round "7"]
[White "Pick, Max"]
[Black "Colditz, Elias"]
[Result "1/2-1/2"]
[Termination "normal"]
[Board "9.1"]
[WhiteElo "1635"]
[BlackElo "1708"]
[WhiteTeam "Schachklub Kerpen 64 e. V."]
[BlackTeam "SV Multatuli Ingelheim e.V."]
[PlyCount "78"]
[WhiteFideId "16210883"]
[BlackFideId "16298039"]
[EventCountry "GER"]
[EventRounds "7"]
[EventType "team-swiss"]
[EventDate "2019.12.26"]

1. e4 c5 2. Nf3 a6 3. c3 e6 4. d4 cxd4 5. cxd4 Bb4+ 6. Bd2 Bxd2+ 7. Qxd2 Ne7 8.
Nc3 O-O 9. Bd3 d5 10. exd5 Nxd5 11. Nxd5 Qxd5 12. O-O Nc6 13. Rac1 Qxa2 14. Rc5
Qb3 15. Rh5 f5 16. Rc1 Qb4 17. Qxb4 Nxb4 18. Bc4 h6 19. Re1 Rf6 20. Ne5 b5 21.
Bb3 a5 22. Rh3 a4 23. Bd1 Nd5 24. Bf3 b4 25. Bxd5 exd5 26. Ra1 Rfa6 27. Nd3 a3
28. bxa3 Rxa3 29. Re1 Ra1 30. Rhe3 Rxe1+ 31. Rxe1 b3 32. h4 Ba6 33. Nc5 Bc4 34.
Rb1 Rb8 35. f4 Kf7 36. Kf2 Kg6 37. Kg3 Re8 38. Kf3 Rb8 39. Rb2 Kf7 1/2-1/2

[Event "DVM U12 2019"]
[Site "Magdeburg GER"]
[Date "2019.12.30"]
[Round "7"]
[White "Hartl, Jan"]
[Black "Makarov, Mark Alexander"]
[Result "1-0"]
[Termination "normal"]
[Board "9.3"]
[WhiteElo "1186"]
[BlackElo "1243"]
[WhiteTeam "Schachklub Kerpen 64 e. V."]
[BlackTeam "SV Multatuli Ingelheim e.V."]
[PlyCount "49"]
[WhiteFideId "16258460"]
[BlackFideId "16298055"]
[EventCountry "GER"]
[EventRounds "7"]
[EventType "team-swiss"]
[EventDate "2019.12.26"]

1. e4 e5 2. Nf3 Nc6 3. Bb5 d6 4. d4 Bd7 5. Nc3 Qe7 6. Nd5 Qd8 7. Be3 Nf6 8. Nc3
Qe7 9. Bg5 g6 10. Nd5 Qd8 11. Nxf6+ Ke7 12. Nd5+ Ke8 13. Bxd8 Kxd8 14. dxe5
dxe5 15. Nf6 Bd6 16. Nxd7 Kxd7 17. Nxe5+ Ke7 18. Nxc6+ bxc6 19. Bc4 Rhd8 20.
Qf3 f6 21. O-O Be5 22. Rad1 Rxd1 23. Rxd1 Bxb2 24. Qg4 Rd8 25. Qe6+ 1-0

[Event "DVM U12 2019"]
[Site "Magdeburg GER"]
[Date "2019.12.30"]
[Round "7"]
[White "Stiehl, Richard"]
[Black "Ilhan, Kiwan Noah"]
[Result "1-0"]
[Termination "normal"]
[Board "9.4"]
[WhiteElo "1171"]
[BlackElo "912"]
[WhiteTeam "SV Multatuli Ingelheim e.V."]
[BlackTeam "Schachklub Kerpen 64 e. V."]
[PlyCount "75"]
[WhiteFideId "16298063"]
[BlackFideId "16298110"]
[EventCountry "GER"]
[EventRounds "7"]
[EventType "team-swiss"]
[EventDate "2019.12.26"]

1. e4 e5 2. Nf3 Nc6 3. Bc4 Bc5 4. d3 Nf6 5. Bg5 h6 6. Bh4 O-O 7. Nc3 Bb4 8. O-O
Bxc3 9. bxc3 d6 10. h3 a6 11. Re1 b5 12. Bd5 Bb7 13. d4 Rb8 14. Bxc6 Bxc6 15.
Qe2 Qe8 16. a3 Bxe4 17. Bxf6 Bxf3 18. Qxf3 gxf6 19. Qxf6 Qe6 20. Qxe6 fxe6 21.
dxe5 d5 22. Ra2 Rf4 23. Re3 c6 24. Rg3+ Kf7 25. Rb2 Re4 26. Rf3+ Ke7 27. Rf6 h5
28. f4 Rg8 29. Kf2 h4 30. Kf3 Rg3+ 31. Kf2 Rge3 32. Rh6 Rxc3 33. a4 b4 34. Rxh4
c5 35. Rh7+ Kd8 36. Ra7 c4 37. Rxb4 d4 38. Rb8# 1-0

[Event "DVM U12 2019"]
[Site "Magdeburg GER"]
[Date "2019.12.30"]
[Round "7"]
[White "Isbilir, Levin"]
[Black "Uhlmann, Tim"]
[Result "0-1"]
[Termination "normal"]
[Board "10.1"]
[WhiteElo "1175"]
[BlackElo "1446"]
[WhiteTeam "SC Erlangen 48/88"]
[BlackTeam "SF Neureut 1953 e.V."]
[PlyCount "56"]
[WhiteFideId "16267192"]
[BlackFideId "16239210"]
[EventCountry "GER"]
[EventRounds "7"]
[EventType "team-swiss"]
[EventDate "2019.12.26"]

1. e4 e5 2. Nf3 Nc6 3. Bc4 Bc5 4. O-O Nf6 5. d4 exd4 6. e5 d5 7. exf6 dxc4 8.
fxg7 Rg8 9. Re1+ Be6 10. Ng5 Qd5 11. Qg4 O-O-O 12. Nxe6 fxe6 13. Qxe6+ Qxe6 14.
Rxe6 Rxg7 15. Bf4 Rf7 16. Bg3 d3 17. cxd3 Nd4 18. Re5 Nc2 19. Rxc5 cxd3 20. Nd2
Nxa1 21. Re5 Nc2 22. Bh4 Rd4 23. Bg3 Kd7 24. h3 Re7 25. Rxe7+ Kxe7 26. Bxc7 Rb4
27. Be5 Nd4 28. Ne4 Ne2+ 0-1

[Event "DVM U12 2019"]
[Site "Magdeburg GER"]
[Date "2019.12.30"]
[Round "7"]
[White "Scheinmaier, Mark"]
[Black "Wedekind, Ferdinand"]
[Result "1-0"]
[Termination "normal"]
[Board "10.2"]
[WhiteElo "1399"]
[BlackElo "1215"]
[WhiteTeam "SF Neureut 1953 e.V."]
[BlackTeam "SC Erlangen 48/88"]
[PlyCount "51"]
[WhiteFideId "16238958"]
[BlackFideId "16298179"]
[EventCountry "GER"]
[EventRounds "7"]
[EventType "team-swiss"]
[EventDate "2019.12.26"]

1. d4 d5 2. Bf4 Bf5 3. e3 Nf6 4. c4 dxc4 5. Bxc4 e6 6. a3 Bd6 7. Bg3 Bxg3 8.
hxg3 O-O 9. Nc3 Nc6 10. Nf3 Qe7 11. Bd3 Bg6 12. Bxg6 hxg6 13. Ne5 Rad8 14. Qf3
Qd6 15. g4 Rfe8 16. Qh3 Kf8 17. Qh8+ Ke7 18. Nxg6+ Kd7 19. Qxg7 Nd5 20. Nb5 Qf8
21. Nxf8+ Rxf8 22. e4 Nde7 23. d5 exd5 24. exd5 Nxd5 25. O-O-O Kc8 26. Rxd5 1-0

[Event "DVM U12 2019"]
[Site "Magdeburg GER"]
[Date "2019.12.30"]
[Round "7"]
[White "Frech, Luis"]
[Black "Dasselaar, Hendrik"]
[Result "1-0"]
[Termination "normal"]
[Board "10.3"]
[WhiteElo "1175"]
[BlackElo "1133"]
[WhiteTeam "SC Erlangen 48/88"]
[BlackTeam "SF Neureut 1953 e.V."]
[PlyCount "91"]
[WhiteFideId "16298187"]
[BlackFideId "16259297"]
[EventCountry "GER"]
[EventRounds "7"]
[EventType "team-swiss"]
[EventDate "2019.12.26"]

1. c4 e5 2. Nc3 Nf6 3. g3 c6 4. Nf3 Qc7 5. d3 Bc5 6. d4 exd4 7. Nxd4 d6 8. Bf4
Qe7 9. Bg2 O-O 10. O-O Bg4 11. Nf3 Nbd7 12. a3 a5 13. Rb1 Bf5 14. b4 axb4 15.
axb4 Bxb1 16. bxc5 Bg6 17. Bxd6 Qe6 18. Bxf8 Qxc4 19. Qd4 Qxd4 20. Nxd4 Rxf8
21. Rd1 Nxc5 22. Re1 Nfe4 23. Nxe4 Bxe4 24. f3 Bg6 25. e4 Rd8 26. Nf5 Bxf5 27.
exf5 f6 28. f4 Rc8 29. g4 Kf7 30. g5 Re8 31. Rd1 Re7 32. h4 Rc7 33. h5 h6 34.
Rd8 fxg5 35. fxg5 hxg5 36. Rh8 b5 37. h6 gxh6 38. Rh7+ Kf6 39. Rxc7 Kxf5 40.
Rxc6 Ne6 41. Bh3+ g4 42. Bxg4+ Kxg4 43. Rxe6 h5 44. Rb6 h4 45. Rxb5 h3 46. Kh2
1-0

[Event "DVM U12 2019"]
[Site "Magdeburg GER"]
[Date "2019.12.30"]
[Round "7"]
[White "Braun, Justus"]
[Black "Bajaj, Pranit"]
[Result "1-0"]
[Termination "normal"]
[Board "10.4"]
[WhiteElo "1260"]
[BlackElo "935"]
[WhiteTeam "SF Neureut 1953 e.V."]
[BlackTeam "SC Erlangen 48/88"]
[PlyCount "121"]
[WhiteFideId "16239954"]
[BlackFideId "16298195"]
[EventCountry "GER"]
[EventRounds "7"]
[EventType "team-swiss"]
[EventDate "2019.12.26"]

1. g3 e5 2. Bg2 d5 3. d3 Nf6 4. Nc3 c6 5. e4 d4 6. Nce2 Bc5 7. Nf3 Bd6 8. Bg5
O-O 9. O-O h6 10. Bd2 Na6 11. Rb1 Be6 12. a4 Nb4 13. Bxb4 Bxb4 14. Nxe5 Bd6 15.
Nf3 Ng4 16. Nexd4 Bd7 17. Re1 Re8 18. Qd2 c5 19. Nb3 Bxa4 20. h3 Nf6 21. e5 Be7
22. exf6 Bxf6 23. Nxc5 Bc6 24. Re2 Rxe2 25. Qxe2 Qc7 26. c3 Re8 27. Qc2 b6 28.
Na6 Qb7 29. Nb4 Rc8 30. Nxc6 Qxc6 31. Nd4 Qb7 32. Ne2 Rd8 33. Rd1 Re8 34. d4
Qc8 35. d5 Re5 36. d6 Qe6 37. d7 Bd8 38. Nf4 Qe7 39. Qa4 b5 40. Qxa7 g5 41. Nd5
Qe6 42. Nc7 Qe7 43. Ne8 Qe6 44. Qb8 Qe7 45. Qd6 Re6 46. Qxe7 Rxe7 47. Bc6 Re6
48. Bxb5 Rb6 49. c4 f6 50. Nd6 Bc7 51. Nc8 Re6 52. d8=Q+ Bxd8 53. Rxd8+ Kg7 54.
Nd6 Kg6 55. c5 Re1+ 56. Kg2 Rb1 57. c6 Rxb2 58. c7 Kh5 59. c8=Q Ra2 60. g4+ Kh4
61. Nf5# 1-0